[Event "Titled Tuesday intern op 9th June"]
[Site "Chess.com INT"]
[Date "2020.06.09"]
[Round "2"]
[White "Karlovich, Anastazia"]
[Black "Kislov, Oleg"]
[Result "0-1"]
[WhiteElo "2204"]
[BlackElo "2249"]
[PlyCount "94"]
[EventDate "2020.06.09"]
[EventType "swiss (blitz)"]
[EventRounds "10"]
[EventCountry "USA"]
[SourceTitle "CBM 196 Extra"]
[Source "ChessBase"]
[SourceDate "2020.07.31"]
[SourceVersion "1"]
[SourceVersionDate "2020.07.31"]
[SourceQuality "1"]

1. e4 e6 2. d4 d5 3. e5 c5 4. dxc5 Nc6 5. Nf3 Bxc5 6. Bd3 Nge7 7. Bf4 h6 8. Nbd2 Qb6 9. 0-0 Qxb2 10. Nb3 Qa3 11. c4 Qb4 12. Bd2 Qb6 13. Nxc5 Qxc5 14. Rc1 d4 15. Re1 b6 16. Bf4 Bb7 17. Nd2 Nb4 18. Ne4 Bxe4 19. Bxe4 Rd8 20. Qg4 g6 21. Qh4 Nf5 22. Qf6 Rg8 23. Bxf5 gxf5 24. Red1 Rg6 25. Qh8+ Ke7 26. Qh7 Rdg8 27. g3 Qc8 28. Bxh6 Rh8 29. Qg7 Rxg7 30. Bxg7 Re8 31. Bf6+ Kd7 32. Rxd4+ Kc7 33. c5 Nc6 34. cxb6+ axb6 35. Rd6 Kb7 36. Rcxc6 Qxc6 37. Rxc6 Kxc6 38. h4 Ra8 39. h5 Rxa2 40. h6 b5 41. h7 Ra8 42. h8Q Rxh8 43. Bxh8 b4 44. Bf6 b3 45. g4 b2 46. gxf5 b1Q+ 47. Kg2 Qxf5 0-1

[Event "Titled Tuesday intern op 9th June"]
[Site "Chess.com INT"]
[Date "2020.06.09"]
[Round "8"]
[White "Karlovich, Anastazia"]
[Black "Sahil, Tickoo"]
[Result "1/2-1/2"]
[WhiteElo "2204"]
[BlackElo "2245"]
[PlyCount "85"]
[EventDate "2020.06.09"]
[EventType "swiss (blitz)"]
[EventRounds "10"]
[EventCountry "USA"]
[SourceTitle "CBM 196 Extra"]
[Source "ChessBase"]
[SourceDate "2020.07.31"]
[SourceVersion "1"]
[SourceVersionDate "2020.07.31"]
[SourceQuality "1"]

1. e4 c5 2. Nf3 d6 3. Bc4 Nf6 4. e5 dxe5 5. Nxe5 e6 6. Qe2 Bd7 7. b3 Nc6 8. Bb2 Nxe5 9. Bxe5 Bc6 10. 0-0 Bd6 11. Bb2 Qc7 12. h3 Nd5 13. Bxd5 Bxd5 14. c4 Bc6 15. d4 cxd4 16. Bxd4 0-0 17. Qg4 Be5 18. Bxe5 Qxe5 19. Nd2 Rad8 20. Nf3 Qe4 21. Rad1 Qxg4 22. hxg4 Bxf3 23. gxf3 f6 24. f4 Kf7 25. f3 h6 26. Kf2 Ke7 27. Ke3 a6 28. Rfe1 Rc8 29. Rd2 Rfd8 30. Red1 Rxd2 31. Rxd2 b5 32. cxb5 axb5 33. a4 bxa4 34. bxa4 Rc4 35. Ra2 Kd6 36. a5 Kc7 37. a6 Kb8 38. a7+ Ka8 39. Ra6 Rc3+ 40. Ke4 Rc4+ 41. Ke3 Rc3+ 42. Ke4 Rc4+ 43. Ke3 1/2-1/2

[Event "Titled Tuesday intern op 9th June"]
[Site "Chess.com INT"]
[Date "2020.06.09"]
[Round "1"]
[White "Novikov, Evgenij"]
[Black "Karlovich, Anastazia"]
[Result "1-0"]
[WhiteElo "2276"]
[BlackElo "2204"]
[PlyCount "61"]
[EventDate "2020.06.09"]
[EventType "swiss (blitz)"]
[EventRounds "10"]
[EventCountry "USA"]
[SourceTitle "CBM 196 Extra"]
[Source "ChessBase"]
[SourceDate "2020.07.31"]
[SourceVersion "1"]
[SourceVersionDate "2020.07.31"]
[SourceQuality "1"]

1. d4 d5 2. c4 Bf5 3. Nc3 e6 4. Nf3 c6 5. cxd5 exd5 6. Bf4 Nd7 7. e3 Ngf6 8. Bd3 Bg6 9. 0-0 Nh5 10. Bg5 Be7 11. Bxe7 Qxe7 12. a3 Nhf6 13. Qc2 Bxd3 14. Qxd3 Ne4 15. Nd2 Ndf6 16. Rad1 0-0 17. Rfe1 Rfe8 18. f3 Nd6 19. e4 dxe4 20. fxe4 Nh5 21. e5 Nc8 22. Qf3 g6 23. Nde4 Kh8 24. Rf1 Rf8 25. g4 Ng7 26. Nf6 Qe6 27. Nce4 Ne7 28. Nxh7 Nd5 29. Nhg5 Rad8 30. Qh3+ Nh5 31. Nxe6 1-0

[Event "Titled Tuesday intern op 6th June"]
[Site "Chess.com INT"]
[Date "2020.06.02"]
[Round "5"]
[White "Grieve, Harry"]
[Black "Karlovich, Anastazia"]
[Result "0-1"]
[WhiteElo "2355"]
[BlackElo "2204"]
[PlyCount "62"]
[EventDate "2020.06.02"]
[EventType "swiss (blitz)"]
[EventRounds "10"]
[EventCountry "USA"]
[SourceTitle "CBM 196 Extra"]
[Source "ChessBase"]
[SourceDate "2020.07.31"]
[SourceVersion "1"]
[SourceVersionDate "2020.07.31"]
[SourceQuality "1"]

1. e4 e5 2. Nf3 Nc6 3. Bc4 Bc5 4. 0-0 Nf6 5. d3 a6 6. a4 Ba7 7. c3 d6 8. Bg5 h6 9. Bh4 g5 10. Bg3 Rg8 11. Qb3 Qe7 12. Nbd2 h5 13. h4 Nh7 14. hxg5 Na5 15. Qc2 Nxg5 16. Bh4 Nxc4 17. dxc4 f6 18. Qd3 Qg7 19. g3 Nh3+ 20. Kh2 Nxf2 21. Qe2 Ng4+ 22. Kh1 Ne3 23. Rfc1 Qg4 24. Ng1 Qg6 25. Nf1 Bg4 26. Qd3 Nxf1 27. Rxf1 0-0-0 28. Rxf6 Qg7 29. Raf1 Bxg1 30. Kxg1 Bh3 31. R1f2 Qg4 0-1

[Event "Titled Tuesday intern op 6th June"]
[Site "Chess.com INT"]
[Date "2020.06.02"]
[Round "3"]
[White "Hamley, Ryan"]
[Black "Karlovich, Anastazia"]
[Result "1/2-1/2"]
[WhiteElo "2089"]
[BlackElo "2204"]
[PlyCount "54"]
[EventDate "2020.06.02"]
[EventType "swiss (blitz)"]
[EventRounds "10"]
[EventCountry "USA"]
[SourceTitle "CBM 196 Extra"]
[Source "ChessBase"]
[SourceDate "2020.07.31"]
[SourceVersion "1"]
[SourceVersionDate "2020.07.31"]
[SourceQuality "1"]

1. d4 d5 2. c4 Bf5 3. cxd5 Bxb1 4. Qa4+ c6 5. dxc6 Nxc6 6. Rxb1 e5 7. e3 Bb4+ 8. Bd2 Bxd2+ 9. Kxd2 exd4 10. exd4 Qxd4+ 11. Qxd4 Nxd4 12. Re1+ Ne7 13. Bc4 Rd8 14. Kc3 Ndc6 15. Nf3 0-0 16. Re2 Rc8 17. Rhe1 a6 18. b3 b5 19. Bd3 Ne5+ 20. Kd2 Nxd3 21. Kxd3 Rfd8+ 22. Ke4 Nd5 23. Rd2 Nf6+ 24. Kf4 Rxd2 25. Nxd2 h6 26. a4 bxa4 27. bxa4 Rc2 1/2-1/2

[Event "Titled Tuesday intern op 6th June"]
[Site "Chess.com INT"]
[Date "2020.06.02"]
[Round "7"]
[White "Karlovich, Anastazia"]
[Black "Matthiesen, Martin"]
[Result "0-1"]
[WhiteElo "2204"]
[BlackElo "2260"]
[PlyCount "88"]
[EventDate "2020.06.02"]
[EventType "swiss (blitz)"]
[EventRounds "10"]
[EventCountry "USA"]
[SourceTitle "CBM 196 Extra"]
[Source "ChessBase"]
[SourceDate "2020.07.31"]
[SourceVersion "1"]
[SourceVersionDate "2020.07.31"]
[SourceQuality "1"]

1. e4 c5 2. Nf3 d6 3. Bc4 Nf6 4. e5 dxe5 5. Nxe5 e6 6. Qe2 Be7 7. b3 0-0 8. Bb2 a6 9. a4 b6 10. 0-0 Bb7 11. Na3 Nd5 12. f4 Nc6 13. Nxc6 Bxc6 14. Bxa6 Nb4 15. Bb5 Bb7 16. Rad1 Bf6 17. Be5 Nc6 18. Nc4 Nd4 19. Bxd4 Bxd4+ 20. Kh1 Qc7 21. Ne5 Rad8 22. Bd3 f5 23. Bc4 Rfe8 24. c3 Bxe5 25. fxe5 Bd5 26. d4 Qc6 27. Bb5 Qb7 28. Bxe8 Rxe8 29. c4 Be4 30. Rf4 cxd4 31. Rxd4 Bc6 32. h3 g5 33. Rf1 f4 34. Rd6 Rf8 35. Qg4 Kh8 36. Qxe6 Bxg2+ 37. Kh2 Bxf1 38. Rd5 f3 39. Qg4 f2 40. e6 Bxh3 41. Qd4+ Qg7 42. e7 f1N+ 43. Kxh3 Re8 44. Qxg7+ Kxg7 0-1

[Event "Titled Tuesday intern op 6th June"]
[Site "Chess.com INT"]
[Date "2020.06.02"]
[Round "2"]
[White "Maghsoodloo, Parham"]
[Black "Karlovich, Anastazia"]
[Result "1-0"]
[WhiteElo "2676"]
[BlackElo "2204"]
[PlyCount "65"]
[EventDate "2020.06.02"]
[EventType "swiss (blitz)"]
[EventRounds "10"]
[EventCountry "USA"]
[SourceTitle "CBM 196 Extra"]
[Source "ChessBase"]
[SourceDate "2020.07.31"]
[SourceVersion "1"]
[SourceVersionDate "2020.07.31"]
[SourceQuality "1"]

1. e4 e5 2. Nf3 Nc6 3. Bb5 a6 4. Ba4 d6 5. c3 Bd7 6. d4 Nge7 7. 0-0 Ng6 8. Re1 Be7 9. Be3 b5 10. Bc2 h6 11. Nbd2 Bg5 12. Nf1 Qf6 13. h3 Bxe3 14. fxe3 Nh4 15. N1h2 0-0 16. Rf1 Nxf3+ 17. Nxf3 Qe7 18. Rf2 Rad8 19. Qd2 Bc8 20. Raf1 Bb7 21. b4 Nb8 22. Qe2 Nd7 23. Nd2 Qe6 24. Bb3 Qe7 25. Rxf7 Rxf7 26. Rxf7 Qxf7 27. Bxf7+ Kxf7 28. d5 Nf6 29. c4 c6 30. Nb3 bxc4 31. Na5 cxd5 32. Nxb7 dxe4 33. Nxd8+ 1-0

[Event "Rethymno op 6th"]
[Site "Rethymno"]
[Date "2014.07.18"]
[Round "8"]
[White "Karlovich, Anastazia"]
[Black "Alvarez Carbajales, Fermin"]
[Result "0-1"]
[WhiteElo "2230"]
[BlackElo "1969"]
[PlyCount "54"]
[EventDate "2014.07.12"]
[EventType "swiss"]
[EventRounds "9"]
[EventCountry "GRE"]
[SourceTitle "CBM 161 Extra"]
[Source "ChessBase"]
[SourceDate "2014.08.29"]
[SourceVersion "1"]
[SourceVersionDate "2014.08.29"]
[SourceQuality "1"]

1. e4 g6 2. d4 Bg7 3. c3 d6 4. g3 b6 5. Bg2 Bb7 6. Be3 Nd7 7. Ne2 e6 8. 0-0 Ne7 9. f4 f5 10. Nd2 Nf6 11. e5 Ne4 12. Nxe4 Bxe4 13. Bxe4 fxe4 14. g4 Nd5 15. Bf2 0-0 16. Qd2 dxe5 17. Bg3 exf4 18. Bxf4 Qh4 19. Bg3 Qxg4 20. c4 e3 21. Qd3 Nb4 22. Qd1 Rxf1+ 23. Kxf1 Rf8+ 24. Kg1 Rf2 25. a3 Nc2 26. Qxc2 Rxe2 27. Qa4 Qe4 0-1

[Event "Rethymno op 6th"]
[Site "Rethymno"]
[Date "2014.07.14"]
[Round "4"]
[White "Karlovich, Anastazia"]
[Black "Sourgkounis, Angelos"]
[Result "1-0"]
[WhiteElo "2230"]
[BlackElo "1921"]
[PlyCount "75"]
[EventDate "2014.07.12"]
[EventType "swiss"]
[EventRounds "9"]
[EventCountry "GRE"]
[SourceTitle "CBM 161 Extra"]
[Source "ChessBase"]
[SourceDate "2014.08.29"]
[SourceVersion "1"]
[SourceVersionDate "2014.08.29"]
[SourceQuality "1"]

1. e4 d6 2. d4 Nf6 3. Nc3 c6 4. Nf3 Bg4 5. h3 Bxf3 6. Qxf3 Nbd7 7. g4 h6 8. Be3 Qa5 9. 0-0-0 0-0-0 10. h4 e6 11. g5 hxg5 12. hxg5 Rxh1 13. Qxh1 Ng4 14. Qf3 Nxe3 15. Qxe3 Be7 16. d5 Qb6 17. Qf4 e5 18. Qxf7 Bxg5+ 19. Kb1 c5 20. Qxg7 Bf6 21. Qf7 Rf8 22. Qe6 a6 23. Bh3 Qc7 24. Na4 Kd8 25. Rg1 b5 26. Rg8 Be7 27. Rg7 Re8 28. Nc3 c4 29. Qf7 Nf6 30. a3 Rf8 31. Qe6 Ke8 32. Bf5 Qd7 33. Na2 Qxe6 34. dxe6 d5 35. Bg6+ Kd8 36. Nb4 Bxb4 37. axb4 Rg8 38. e7+ 1-0

[Event "Kharkov Rector Cup (Women) 12th"]
[Site "Kharkov"]
[Date "2010.03.29"]
[Round "7"]
[White "Malakhova, Elizaveta"]
[Black "Karlovich, Anastazia"]
[Result "1-0"]
[WhiteElo "2315"]
[BlackElo "2180"]
[PlyCount "65"]
[EventDate "2010.03.26"]
[EventType "tourn"]
[EventRounds "7"]
[EventCountry "UKR"]
[EventCategory "5"]
[SourceTitle "CBM 135 Extra"]
[Source "ChessBase"]
[SourceDate "2010.05.04"]
[SourceVersion "1"]
[SourceVersionDate "2010.05.04"]
[SourceQuality "1"]

1. d4 d5 2. c4 Bf5 3. cxd5 Bxb1 4. Rxb1 Qxd5 5. a3 Nc6 6. Nf3 0-0-0 7. Be3 Nf6 8. g3 Ng4 9. Bg2 e5 10. Bh3 f5 11. 0-0 exd4 12. Bf4 h6 13. Bg2 Qe6 14. b4 Nge5 15. Bxe5 Nxe5 16. Nxd4 Qb6 17. e3 g6 18. Qb3 Bg7 19. Rfc1 Rhe8 20. a4 Rxd4 21. exd4 Qxd4 22. Rd1 Qb6 23. a5 Qb5 24. Rbc1 Ng4 25. Qf7 Be5 26. Rc5 Qa4 27. Rdc1 Qd7 28. Bxb7+ Kd8 29. Qxd7+ Kxd7 30. Bc6+ Ke7 31. Bxe8 Bd4 32. Re1+ Kd6 33. Rc2 1-0

[Event "Kharkov Rector Cup (Women) 12th"]
[Site "Kharkov"]
[Date "2010.03.27"]
[Round "3"]
[White "Karlovich, Anastazia"]
[Black "Klinova, Masha"]
[Result "1/2-1/2"]
[WhiteElo "2180"]
[BlackElo "2303"]
[PlyCount "21"]
[EventDate "2010.03.26"]
[EventType "tourn"]
[EventRounds "7"]
[EventCountry "UKR"]
[EventCategory "5"]
[SourceTitle "CBM 135 Extra"]
[Source "ChessBase"]
[SourceDate "2010.05.04"]
[SourceVersion "1"]
[SourceVersionDate "2010.05.04"]
[SourceQuality "1"]

1. e4 d6 2. d4 Nf6 3. Nc3 g6 4. g3 Bg7 5. Bg2 0-0 6. Nge2 e5 7. h3 Re8 8. dxe5 dxe5 9. Qxd8 Rxd8 10. Bg5 c6 11. 0-0 1/2-1/2

[Event "Kharkov Rector Cup (Women) 12th"]
[Site "Kharkov"]
[Date "2010.03.26"]
[Round "2"]
[White "Gaponenko, Inna"]
[Black "Karlovich, Anastazia"]
[Result "0-1"]
[WhiteElo "2472"]
[BlackElo "2180"]
[PlyCount "67"]
[EventDate "2010.03.26"]
[EventType "tourn"]
[EventRounds "7"]
[EventCountry "UKR"]
[EventCategory "5"]
[SourceTitle "CBM 135 Extra"]
[Source "ChessBase"]
[SourceDate "2010.05.04"]
[SourceVersion "1"]
[SourceVersionDate "2010.05.04"]
[SourceQuality "1"]

1. e4 e5 2. Nf3 Nc6 3. Bb5 f5 4. Nc3 Nd4 5. exf5 Nxb5 6. Nxb5 d6 7. d4 e4 8. Ng5 Bxf5 9. f3 e3 10. Bxe3 h6 11. Ne4 Bxe4 12. fxe4 Qh4+ 13. Kd2 0-0-0 14. Qf3 Nf6 15. Nc3 Re8 16. g3 Qh3 17. Rae1 Ng4 18. Qf5+ Kd8 19. Ne2 g5 20. Qf3 Bg7 21. Nc3 Rhf8 22. Qe2 Nf6 23. Bg1 Nh5 24. Bf2 Qg2 25. Be3 Qh3 26. Kc1 Nf6 27. Bg1 Kc8 28. Qd2 a6 29. d5 Nd7 30. Bd4 Be5 31. Nd1 Qg4 32. Nf2 Qf3 33. Rhf1 Qg2 34. Qe3 0-1

[Event "Ankara Angora (Women)"]
[Site "Ankara"]
[Date "2010.02.15"]
[Round "1"]
[White "Menzi, Nezihe Ezgi"]
[Black "Karlovich, Anastazia"]
[Result "0-1"]
[WhiteElo "1877"]
[BlackElo "2200"]
[PlyCount "110"]
[EventDate "2010.02.15"]
[EventType "schev"]
[EventRounds "10"]
[EventCountry "TUR"]
[SourceTitle "CBM 135 Extra"]
[Source "ChessBase"]
[SourceDate "2010.05.04"]
[SourceVersion "1"]
[SourceVersionDate "2010.05.04"]
[SourceQuality "1"]

1. e4 e5 2. Nf3 Nc6 3. Bb5 f5 4. Nc3 fxe4 5. Nxe4 Nf6 6. Nxf6+ gxf6 7. Nh4 Qe7 8. Bc4 d6 9. Qh5+ Kd8 10. 0-0 Nd4 11. c3 Be6 12. Bxe6 Nxe6 13. Nf5 Ng7 14. Nxe7 Nxh5 15. Nf5 Kd7 16. d4 Ke6 17. g4 Ng7 18. Nxg7+ Bxg7 19. Re1 h5 20. h3 hxg4 21. hxg4 Rh4 22. f3 Kf7 23. dxe5 dxe5 24. Be3 Rah8 25. Kf1 Rh1+ 26. Ke2 R1h2+ 27. Bf2 Bf8 28. Rad1 Bc5 29. Rf1 Ke6 30. Rd2 Rg2 31. b4 Bb6 32. c4 Bd4 33. Kd1 Bc3 34. Rc2 Bxb4 35. Rb2 Rd8+ 36. Ke2 a5 37. Rg1 Rh2 38. a3 Bxa3 39. Rxb7 Bb4 40. Rf1 Rd2+ 41. Ke3 Rdxf2 42. Rxf2 Bc5+ 43. Ke4 Rxf2 44. Rxc7 Re2+ 45. Kd3 Re3+ 46. Kd2 Bd4 47. Rc6+ Kf7 48. c5 Rxf3 49. Rc7+ Ke6 50. c6 Rc3 51. Rc8 Kd6 52. Rd8+ Kxc6 53. Rc8+ Kd5 54. Rxc3 Bxc3+ 55. Kxc3 Ke4 0-1

[Event "Figueira da Foz op 6th"]
[Site "Figueira da Foz"]
[Date "2009.12.02"]
[Round "5"]
[White "Durao, Joaquim Manuel"]
[Black "Karlovich, Anastazia"]
[Result "0-1"]
[WhiteElo "2046"]
[BlackElo "2211"]
[PlyCount "52"]
[EventDate "2009.11.27"]
[EventType "swiss"]
[EventRounds "9"]
[EventCountry "POR"]
[SourceTitle "CBM 133 Extra"]
[Source "ChessBase"]
[SourceDate "2010.01.05"]
[SourceVersion "1"]
[SourceVersionDate "2010.01.05"]
[SourceQuality "1"]

1. e4 e5 2. Nf3 Nc6 3. Bb5 a6 4. Ba4 d6 5. c4 Bd7 6. 0-0 Nge7 7. Nc3 g6 8. d4 Bg7 9. dxe5 dxe5 10. Bg5 h6 11. Bh4 g5 12. Bg3 0-0 13. Nd5 Ng6 14. Qd2 g4 15. Ne1 b5 16. Bb3 Nd4 17. Rd1 c6 18. Ne3 Be6 19. N1c2 Qb6 20. Nxd4 exd4 21. Nf5 bxc4 22. Nxg7 Kxg7 23. Ba4 Rfd8 24. Bf4 h5 25. Bh6+ Kh7 26. Bg5 Rdb8 0-1

[Event "Figueira da Foz op 6th"]
[Site "Figueira da Foz"]
[Date "2009.12.01"]
[Round "4"]
[White "Spraggett, Kevin"]
[Black "Karlovich, Anastazia"]
[Result "1-0"]
[WhiteElo "2606"]
[BlackElo "2211"]
[PlyCount "71"]
[EventDate "2009.11.27"]
[EventType "swiss"]
[EventRounds "9"]
[EventCountry "POR"]
[SourceTitle "CBM 133 Extra"]
[Source "ChessBase"]
[SourceDate "2010.01.05"]
[SourceVersion "1"]
[SourceVersionDate "2010.01.05"]
[SourceQuality "1"]

1. Nf3 d5 2. g3 c6 3. Bg2 Bg4 4. b3 Nd7 5. Bb2 Ngf6 6. 0-0 e6 7. d3 Bc5 8. c4 0-0 9. Na3 Re8 10. Nc2 a5 11. Qd2 h6 12. Nh4 e5 13. cxd5 cxd5 14. Ne3 Bb4 15. Qd1 Be6 16. Rc1 Qb6 17. Nf3 Bd6 18. a3 Rac8 19. Rb1 Rc7 20. d4 e4 21. Ne5 Rec8 22. h3 Nf8 23. Kh2 Ne8 24. f4 exf3 25. Rxf3 Nh7 26. Qd3 Nef6 27. Rff1 Ng5 28. Rxf6 gxf6 29. N5g4 Kg7 30. Rf1 h5 31. Nxf6 Bxg3+ 32. Kxg3 Qd6+ 33. Kh4 Rh8 34. Nf5+ Bxf5 35. Qxf5 Ne6 36. Bxd5 1-0

[Event "Figueira da Foz op 6th"]
[Site "Figueira da Foz"]
[Date "2009.11.30"]
[Round "2"]
[White "Todorov, Todor"]
[Black "Karlovich, Anastazia"]
[Result "1-0"]
[WhiteElo "2496"]
[BlackElo "2211"]
[PlyCount "57"]
[EventDate "2009.11.27"]
[EventType "swiss"]
[EventRounds "9"]
[EventCountry "POR"]
[SourceTitle "CBM 133 Extra"]
[Source "ChessBase"]
[SourceDate "2010.01.05"]
[SourceVersion "1"]
[SourceVersionDate "2010.01.05"]
[SourceQuality "1"]

1. e4 e5 2. Nc3 Nf6 3. g3 d5 4. exd5 Nxd5 5. Bg2 Ne7 6. Nge2 Nbc6 7. 0-0 g6 8. f4 Bg7 9. fxe5 Bxe5 10. d3 0-0 11. Bh6 Bg7 12. Bxg7 Kxg7 13. Qd2 Nd4 14. Nf4 c6 15. Rae1 Nef5 16. Kh1 Qa5 17. Qf2 h5 18. Ne4 Rh8 19. Bh3 Qb6 20. c3 Ne6 21. d4 Nc7 22. Bxf5 gxf5 23. Ng5 Nd5 24. Nxd5 cxd5 25. Re7 Rf8 26. Rfe1 Qf6 27. Qf4 Qg6 28. Nf3 Be6 29. R1xe6 1-0

[Event "Athens Acropolis op-A 24th"]
[Site "Chalkida"]
[Date "2009.08.13"]
[Round "4"]
[White "Karlovich, Anastazia"]
[Black "Kourousis, Epaminondas"]
[Result "1/2-1/2"]
[WhiteElo "2211"]
[BlackElo "2237"]
[PlyCount "35"]
[EventDate "2009.08.10"]
[EventType "swiss"]
[EventRounds "9"]
[EventCountry "GRE"]
[SourceTitle "CBM 131 Extra"]
[Source "ChessBase"]
[SourceDate "2009.09.03"]
[SourceVersion "2"]
[SourceVersionDate "2009.09.16"]
[SourceQuality "1"]

1. e4 c5 2. Nf3 Nc6 3. Bb5 e6 4. Bxc6 bxc6 5. d3 d6 6. e5 d5 7. Qe2 Ne7 8. b3 Nf5 9. Bb2 Be7 10. Nbd2 h5 11. h3 Qb6 12. 0-0-0 a5 13. a4 Ba6 14. g4 Nd4 15. Nxd4 cxd4 16. gxh5 c5 17. Rhg1 Bf8 18. Rg3 1/2-1/2

[Event "Donostia (Women)"]
[Site "San Sebastian"]
[Date "2009.07.15"]
[Round "8"]
[White "Theissl Pokorna, Regina"]
[Black "Karlovich, Anastazia"]
[Result "1/2-1/2"]
[WhiteElo "2381"]
[BlackElo "2211"]
[PlyCount "86"]
[EventDate "2009.07.07"]
[EventType "tourn"]
[EventRounds "9"]
[EventCountry "ESP"]
[EventCategory "3"]
[SourceTitle "CBM 131 Extra"]
[Source "ChessBase"]
[SourceDate "2009.09.03"]
[SourceVersion "2"]
[SourceVersionDate "2009.09.16"]
[SourceQuality "1"]

1. e4 e5 2. Nf3 Nc6 3. Bc4 Bc5 4. c3 Nf6 5. d3 a6 6. Bb3 Ba7 7. 0-0 d6 8. Re1 h6 9. Nbd2 0-0 10. Nf1 Ng4 11. d4 Bd7 12. h3 Nf6 13. Ng3 Re8 14. Bc2 Nh7 15. Be3 Qf6 16. d5 Nb8 17. Nh2 Bxe3 18. Rxe3 g6 19. Ngf1 a5 20. Rg3 Kh8 21. Qd2 h5 22. Ne3 a4 23. Qd1 Qe7 24. Nef1 b5 25. b3 Rf8 26. b4 c6 27. Rd3 cxd5 28. Rxd5 Ra6 29. c4 bxc4 30. b5 Rb6 31. Bxa4 Nf6 32. Ne3 Nxe4 33. Rc1 Nf6 34. Rd2 Bxb5 35. Bxb5 Rxb5 36. Rxd6 c3 37. Qd3 Rc5 38. Nhf1 Rfc8 39. Ng3 Ne8 40. Rd5 Nf6 41. Rd6 Ne8 42. Rd5 Nf6 43. Rd6 Ne8 1/2-1/2

[Event "Donostia (Women)"]
[Site "San Sebastian"]
[Date "2009.07.14"]
[Round "7"]
[White "Michna, Marta"]
[Black "Karlovich, Anastazia"]
[Result "1/2-1/2"]
[WhiteElo "2379"]
[BlackElo "2211"]
[PlyCount "41"]
[EventDate "2009.07.07"]
[EventType "tourn"]
[EventRounds "9"]
[EventCountry "ESP"]
[EventCategory "3"]
[SourceTitle "CBM 131 Extra"]
[Source "ChessBase"]
[SourceDate "2009.09.03"]
[SourceVersion "2"]
[SourceVersionDate "2009.09.16"]
[SourceQuality "1"]

1. d4 d5 2. Nf3 Nc6 3. e3 Nf6 4. a3 Bg4 5. h3 Bxf3 6. Qxf3 e5 7. Bb5 Bd6 8. c4 exd4 9. exd4 0-0 10. Bxc6 bxc6 11. 0-0 Ne4 12. Nc3 Re8 13. Be3 Rb8 14. Rfb1 Rb3 15. Qd1 Rxc3 16. bxc3 Nxc3 17. Qb3 Nxb1 18. Rxb1 dxc4 19. Qa4 Qe7 20. Qxc6 Bxa3 21. Rb7 1/2-1/2